[Event "Paracin 2018"]
[Site "Paracin, Hotel Petrus"]
[Date "2018.07.07"]
[Round "2.60"]
[White "Molnar Gabor, Roland"]
[Black "Bergsson, Stefan"]
[Result "1/2-1/2"]
[WhiteElo "2034"]
[BlackElo "2192"]
[PlyCount "67"]
[EventDate "2018.07.06"]

1. e4 c5 2. c3 Nf6 3. e5 Nd5 4. d4 cxd4 5. Nf3 Nc6 6. cxd4 d6 7. Bc4 Nb6 8. Bb5
Bd7 9. Nc3 d5 10. e6 Bxe6 11. Ne5 Rc8 12. Ne2 Nd7 13. O-O Qb6 14. Ba4 g6 15.
Nf4 Bg7 16. Nxe6 fxe6 17. Qg4 Ncxe5 18. dxe5 Rc4 19. Qd1 Qd4 20. Bxd7+ Kxd7 21.
Qb3 Rb4 22. Be3 Qxb2 23. Qd3 Qxe5 24. Rab1 Rxb1 25. Rxb1 Ke8 26. Rxb7 a5 27. g3
Qa1+ 28. Kg2 Kf7 29. Qa3 Bf6 30. Bc5 Re8 31. Qxa5 Qe5 32. Qb4 d4 33. a4 Rc8 34.
Bxe7 1/2-1/2

[Event "Paracin 2018"]
[Site "Paracin, Hotel Petrus"]
[Date "2018.07.07"]
[Round "2.61"]
[White "Bratkovic, Sham"]
[Black "Yerden, Huseyin Eren"]
[Result "1-0"]
[WhiteElo "2190"]
[BlackElo "2022"]
[PlyCount "97"]
[EventDate "2018.07.06"]

1. e4 c5 2. Nf3 d6 3. d4 cxd4 4. Nxd4 Nf6 5. Nc3 a6 6. Be3 e5 7. Nf3 Be6 8. Ng5
Be7 9. Nxe6 fxe6 10. Bc4 Qc8 11. Bb3 b5 12. O-O O-O 13. Qf3 Nc6 14. Qh3 Kf7 15.
f4 exf4 16. Bxf4 Na5 17. Qd3 Nxb3 18. cxb3 Rd8 19. Rac1 Qb7 20. a3 b4 21. axb4
Qxb4 22. Qc4 Qxc4 23. bxc4 Rab8 24. Rc2 Rdc8 25. e5 dxe5 26. Bxe5 Rb4 27. Bxf6
Bxf6 28. Ne4 Ke7 29. Nxf6 gxf6 30. c5 Rc6 31. Rf3 Rb5 32. Rh3 Rcxc5 33. Rxh7+
Kd6 34. Rxc5 Kxc5 35. Rh6 Rxb2 36. Rxf6 Kd5 37. Rf8 a5 38. Ra8 Ra2 39. h4 Ke4
40. h5 Kf5 41. Rg8 Rb2 42. h6 Rb7 43. g4+ Kf4 44. g5 Kg3 45. Kf1 Rb1+ 46. Ke2
Rh1 47. Rh8 Kf4 48. g6 Rh2+ 49. Kd3 1-0

[Event "Paracin 2018"]
[Site "Paracin, Hotel Petrus"]
[Date "2018.07.07"]
[Round "2.62"]
[White "Vlassis, Georgios"]
[Black "Uysal, Burak"]
[Result "1-0"]
[WhiteElo "2005"]
[BlackElo "2185"]
[PlyCount "153"]
[EventDate "2018.07.06"]

1. Nf3 d5 2. b3 Bg4 3. Bb2 Nd7 4. c4 e6 5. cxd5 exd5 6. e3 Ngf6 7. Be2 Bd6 8.
h3 Bh5 9. O-O c6 10. Ba3 Bxa3 11. Nxa3 O-O 12. Qc2 Ne5 13. Nxe5 Bxe2 14. Rfe1
Bh5 15. d4 Ne4 16. Nb1 Qh4 17. Nc3 f6 18. Nd3 g5 19. Nxe4 Qxe4 20. Rac1 Bg6 21.
Red1 Qh4 22. Qd2 Rf7 23. b4 h5 24. Qe1 Qe4 25. Nc5 Qe7 26. a4 a6 27. a5 Kg7 28.
Qd2 Re8 29. Rf1 g4 30. h4 Be4 31. Nxe4 Qxe4 32. g3 Rfe7 33. Rc3 f5 34. Qc2 Qe6
35. Qc1 Qd6 36. Rb3 Re4 37. Qd2 Qf6 38. Rd3 Qe7 39. Rb3 Kg6 40. Rd3 f4 41. exf4
Re1 42. Rxe1 Qxe1+ 43. Qxe1 Rxe1+ 44. Kg2 Rb1 45. Re3 Rxb4 46. Re7 Rb5 47. Kf1
Rxa5 48. Rxb7 Rb5 49. Ra7 Rb6 50. Ke2 Kf5 51. Re7 Rb2+ 52. Ke3 Rb3+ 53. Ke2 Rb4
54. Re5+ Kg6 55. Re6+ Kf5 56. Re5+ Kf6 57. Rxh5 Rxd4 58. Rh6+ Kg7 59. Rxc6 Ra4
60. Rd6 Ra2+ 61. Ke3 Ra3+ 62. Kd4 Ra2 63. Rxd5 Rxf2 64. Rg5+ Kh6 65. Rxg4 a5
66. Rg5 a4 67. Ke3 Rb2 68. Kf3 a3 69. Ra5 a2 70. Kg4 Rf2 71. Ra6+ Kg7 72. Kg5
Rb2 73. Ra7+ Kg8 74. g4 Rc2 75. f5 Rb2 76. Kg6 Kf8 77. f6 1-0

[Event "Paracin 2018"]
[Site "Paracin, Hotel Petrus"]
[Date "2018.07.07"]
[Round "2.63"]
[White "Jigjidsuren, Purev"]
[Black "Lopuszanski, Kamil"]
[Result "1/2-1/2"]
[WhiteElo "2183"]
[BlackElo "1984"]
[PlyCount "145"]
[EventDate "2018.07.06"]

1. e4 e5 2. Nf3 Nc6 3. Bc4 Bc5 4. O-O Nf6 5. d3 O-O 6. c3 d6 7. b4 Bb6 8. a4 a6
9. Re1 h6 10. Nbd2 Be6 11. Ba2 Bxa2 12. Rxa2 d5 13. Qb3 dxe4 14. dxe4 Qc8 15.
Nc4 Qe6 16. Rb2 Rfe8 17. h3 Rac8 18. Qa2 Nd7 19. Be3 f6 20. Nfd2 Nd8 21. Qb1
Qc6 22. a5 Bxe3 23. Rxe3 Ne6 24. Qf1 Red8 25. Rg3 b5 26. axb6 cxb6 27. Rc2 Qa4
28. Rc1 Nf4 29. Rd1 Qb5 30. Kh2 Nf8 31. Ra1 Rc7 32. Ra2 N8e6 33. Re3 Rcd7 34.
g3 Ng6 35. Qc1 Nc7 36. Kg2 Kh7 37. Re1 Qc6 38. Ne3 Ne7 39. Kg1 Qe6 40. Rc2 Qxh3
41. c4 Nc6 42. Nd5 Nxd5 43. exd5 Nxb4 44. Rc3 Qf5 45. Ree3 a5 46. Nf3 Na2 47.
Qb2 Nxc3 48. Rxc3 Rd6 49. Re3 Kg8 50. Nd2 Qg4 51. Ne4 Qd1+ 52. Kg2 Qd4 53. Qb5
R6d7 54. Qc6 Kh7 55. g4 Ra7 56. g5 fxg5 57. Qe6 Rf8 58. Nxg5+ Kh8 59. Qg6 hxg5
60. Rh3+ Kg8 61. Qh7+ Kf7 62. Qf5+ Ke8 63. Qc8+ Ke7 64. Qe6+ Kd8 65. Qd6+ Ke8
66. Qe6+ Kd8 67. Qd6+ Rd7 68. Qxf8+ Kc7 69. Rh8 Qf4 70. Kh1 Qe4+ 71. f3 Qe1+
72. Kg2 Qe2+ 73. Kg1 1/2-1/2

[Event "Paracin 2018"]
[Site "Paracin, Hotel Petrus"]
[Date "2018.07.07"]
[Round "2.64"]
[White "Toncheva, Nadya"]
[Black "Cirovic, Miroljub"]
[Result "0-1"]
[WhiteElo "1975"]
[BlackElo "2183"]
[PlyCount "96"]
[EventDate "2018.07.06"]

1. d4 Nf6 2. c4 e6 3. Nc3 Bb4 4. e3 b6 5. Nge2 Ba6 6. a3 Bxc3+ 7. Nxc3 d5 8.
Qf3 O-O 9. cxd5 exd5 10. Bxa6 Nxa6 11. O-O c6 12. b4 Nc7 13. Bb2 Qd7 14. a4
Rfe8 15. Rac1 a6 16. Qe2 b5 17. Qc2 Ne6 18. Nb1 Rac8 19. Nd2 Ng5 20. Nb3 Qd6
21. Qc5 Qc7 22. h3 Qd7 23. Rc2 Nfe4 24. Qb6 Nxh3+ 25. gxh3 Qxh3 26. Rxc6 Qg4+
27. Kh2 Ng5 28. Nd2 Qh5+ 29. Kg2 Qh3+ 30. Kg1 Qg4+ 31. Kh2 h5 32. Rxc8 Qxc8 33.
Rc1 Qh3+ 34. Kg1 Re4 35. Qb8+ Kh7 36. Qh2 Nf3+ 37. Nxf3 Qxf3 38. Kf1 Rxe3 39.
Re1 Rxe1+ 40. Kxe1 bxa4 41. Qe5 h4 42. Qe7 f6 43. Qc7 h3 44. Qc2+ f5 45. Qc7 f4
46. Qd8 Qh5 47. Qc7 h2 48. Qc2+ Qg6 0-1

[Event "Paracin 2018"]
[Site "Paracin, Hotel Petrus"]
[Date "2018.07.07"]
[Round "2.65"]
[White "Djukic, Sandra"]
[Black "Lea, Daniel J"]
[Result "1-0"]
[WhiteElo "2181"]
[BlackElo "1973"]
[PlyCount "69"]
[EventDate "2018.07.06"]

1. d4 d5 2. c4 e6 3. Nc3 Nf6 4. cxd5 exd5 5. Bg5 Nbd7 6. Qc2 Be7 7. e3 O-O 8.
Bd3 c6 9. Nge2 Re8 10. O-O h6 11. Bh4 Ne4 12. Bxe7 Qxe7 13. Rae1 Nxc3 14. Nxc3
Nf8 15. f3 Ne6 16. Qd2 Qd6 17. Bb1 b6 18. f4 Ba6 19. Rf3 Rad8 20. Rd1 Bb7 21.
Qc2 Nf8 22. Qa4 a5 23. Qb3 Qb4 24. Qc2 Qd6 25. Na4 Qc7 26. Rg3 Re7 27. Qb3 Rde8
28. Nxb6 Ba6 29. Na4 Rb8 30. Qc3 Rb4 31. b3 Rb8 32. Rc1 Bb7 33. Nc5 Ne6 34. a4
Nxc5 35. dxc5 1-0

[Event "Paracin 2018"]
[Site "Paracin, Hotel Petrus"]
[Date "2018.07.07"]
[Round "2.66"]
[White "Mehmed, Elif"]
[Black "Gochev, Mladen"]
[Result "1/2-1/2"]
[WhiteElo "1973"]
[BlackElo "2181"]
[PlyCount "105"]
[EventDate "2018.07.06"]

1. e4 e6 2. d4 d5 3. Nd2 c5 4. exd5 exd5 5. Bb5+ Nc6 6. Qe2+ Be7 7. dxc5 Nf6 8.
Nb3 O-O 9. Nf3 Re8 10. Be3 Ne4 11. O-O Nxc5 12. Bxc5 Bxc5 13. Qd2 Bb6 14. Rfe1
Be6 15. Nbd4 Qd6 16. h3 Rad8 17. Rad1 a6 18. Bf1 h6 19. c3 Bc7 20. Qc2 Bc8 21.
Rxe8+ Rxe8 22. Qd2 Qf6 23. Bd3 Qf4 24. Qxf4 Bxf4 25. Kf1 g6 26. Bc2 Na5 27. Ne2
Bc7 28. Bb3 Be6 29. Ned4 Kg7 30. Re1 Nxb3 31. Nxb3 Bd7 32. Rxe8 Bxe8 33. Nbd4
Bd7 34. Ke2 f5 35. Kd3 Kf6 36. Ne1 g5 37. Nec2 f4 38. Nb4 Ke5 39. Nf3+ Kd6 40.
Nd4 Bb6 41. Nbc2 h5 42. f3 Ke5 43. b3 g4 44. hxg4 hxg4 45. fxg4 Bxg4 46. Nf3+
Kf6 47. Ncd4 Bf5+ 48. Nxf5 Kxf5 49. Nd4+ Kg4 50. Ne2 Kf5 51. Nd4+ Kg4 52. Ne2
Kf5 53. Nd4+ 1/2-1/2

[Event "Paracin 2018"]
[Site "Paracin, Hotel Petrus"]
[Date "2018.07.07"]
[Round "2.67"]
[White "Ersahin, Bulent"]
[Black "Altun, Arda"]
[Result "0-1"]
[WhiteElo "2179"]
[BlackElo "1955"]
[PlyCount "80"]
[EventDate "2018.07.06"]

1. Nf3 d5 2. g3 Nf6 3. Bg2 c5 4. O-O Nc6 5. d4 cxd4 6. Nxd4 e5 7. Nxc6 bxc6 8.
c4 Be6 9. Nc3 Rc8 10. Bg5 d4 11. Ne4 Be7 12. Bxf6 gxf6 13. Qa4 f5 14. Nd2 Qd7
15. c5 e4 16. Rac1 O-O 17. f4 Rfd8 18. Rfd1 Rb8 19. b4 Bf6 20. g4 Bd5 21. Nb3
e3 22. Bxd5 Qxd5 23. Na5 Rdc8 24. g5 Bg7 25. Rd3 h6 26. h4 hxg5 27. hxg5 Qe4
28. Rf1 Be5 29. Rf3 Bxf4 30. Qd1 Rxb4 31. Nb3 Be5 32. Qf1 Qh4 33. Qg2 f4 34.
Rd1 Qh5 35. Rh3 Qg6 36. Rh6 Qf5 37. Rf1 Kg7 38. Na5 f3 39. exf3 e2 40. Re1 d3
0-1

[Event "Paracin 2018"]
[Site "Paracin, Hotel Petrus"]
[Date "2018.07.07"]
[Round "2.68"]
[White "Cholleti, Sahajasri"]
[Black "Milanovic, Maja"]
[Result "1-0"]
[WhiteElo "2169"]
[BlackElo "1955"]
[PlyCount "85"]
[EventDate "2018.07.06"]

1. Nf3 Nf6 2. c4 e6 3. g3 b6 4. Bg2 Bb7 5. O-O c5 6. Nc3 a6 7. d4 cxd4 8. Qxd4
Nc6 9. Qf4 Ne7 10. Rd1 Ng6 11. Qd2 h5 12. Qd3 Rc8 13. b3 Qc7 14. Bb2 h4 15.
Rac1 Bc5 16. Na4 Bxf2+ 17. Kxf2 hxg3+ 18. hxg3 Ne4+ 19. Ke3 Qxg3 20. Qxd7+ Kf8
21. Ba3+ Kg8 22. Qxc8+ Bxc8 23. Rd8+ Nf8 24. Rxf8+ Kh7 25. Rh1+ Kg6 26. Rfxh8
Bb7 27. R8h4 Qf2+ 28. Kd3 Ng3 29. Rg4+ Kf5 30. Rxg3 Qxg3 31. Rh3 Be4+ 32. Kc3
Qf2 33. Bc1 Kf6 34. Bg5+ Kg6 35. Bd2 Qxe2 36. Ne5+ Kf6 37. Bxe4 Qxe4 38. Rf3+
Kxe5 39. Re3 b5 40. Rxe4+ Kxe4 41. Nc5+ Ke5 42. cxb5 axb5 43. Kb4 1-0

[Event "Paracin 2018"]
[Site "Paracin, Hotel Petrus"]
[Date "2018.07.07"]
[Round "2.69"]
[White "Baltic, Fatih"]
[Black "Ahmed, Fareed"]
[Result "1-0"]
[WhiteElo "2157"]
[BlackElo "1953"]
[PlyCount "72"]
[EventDate "2018.07.06"]

1. e4 e6 2. d4 d5 3. Nd2 Nf6 4. e5 Nfd7 5. Bd3 c5 6. c3 Nc6 7. Ne2 cxd4 8. cxd4
f6 9. exf6 Nxf6 10. O-O Bd6 11. Nf3 Qc7 12. h3 O-O 13. Be3 e5 14. dxe5 Nxe5 15.
Nxe5 Bxe5 16. Rc1 Qa5 17. Qb3 Be6 18. Bd4 Bxd4 19. Nxd4 Bf7 20. Qc3 Qb6 21. b3
Rfe8 22. Rfe1 Ne4 23. Bxe4 dxe4 24. Nf5 Qg6 25. Qc5 Qf6 26. Nd6 Re5 27. Qc8+
Qd8 28. Qxb7 Bd5 29. Qc7 a5 30. f4 Re7 31. Qc5 Bf7 32. Nxe4 Rd7 33. Qg5 a4 34.
Qg4 axb3 35. Nf6+ Qxf6 36. Qxd7 Qd8 1-0

[Event "Paracin 2018"]
[Site "Paracin, Hotel Petrus"]
[Date "2018.07.07"]
[Round "2.70"]
[White "Damjanovic, Vuk"]
[Black "Peycheva, Gergana"]
[Result "1-0"]
[WhiteElo "1939"]
[BlackElo "2157"]
[PlyCount "128"]
[EventDate "2018.07.06"]

1. d4 Nf6 2. c4 e6 3. Nf3 d5 4. cxd5 exd5 5. Qc2 c6 6. Nc3 Be7 7. Bg5 Nbd7 8.
e3 O-O 9. Bd3 Re8 10. O-O Nf8 11. h3 g6 12. Ne5 Ne6 13. Bh4 Ng7 14. Rfb1 Bf5
15. b4 a6 16. a4 Bxd3 17. Nxd3 Nf5 18. Bxf6 Bxf6 19. b5 axb5 20. axb5 Rc8 21.
b6 Qe7 22. Re1 Ra8 23. Na4 Nd6 24. Nac5 Rab8 25. Ra7 Kg7 26. Qb3 Nc8 27. Ra4
Qd8 28. Rb1 Re7 29. Nf4 Bg5 30. Nfd3 Bf6 31. Nf4 Nd6 32. g3 Bg5 33. Ng2 Nb5 34.
h4 Bf6 35. Nf4 Nd6 36. Kg2 Nc4 37. Qb4 Nd6 38. Qb3 Re8 39. Kg1 Qc8 40. Kg2 Nc4
41. Qd3 Qg4 42. Qe2 Qc8 43. Qd3 Be7 44. h5 Bd6 45. Raa1 Qg4 46. Qe2 Qg5 47. Nh3
Qf5 48. hxg6 hxg6 49. Qd3 Qg4 50. Nf4 Re7 51. Qe2 Qg5 52. Nh3 Qf6 53. Qg4 Bxc5
54. dxc5 Rxe3 55. Nf4 Kg8 56. Re1 Rxe1 57. Rxe1 Qc3 58. Re7 Qf6 59. Rxb7 Ra8
60. Rc7 Qb2 61. Qe2 Qb5 62. b7 Rf8 63. Nxg6 fxg6 64. Qe6+ Kh8 1-0

[Event "Paracin 2018"]
[Site "Paracin, Hotel Petrus"]
[Date "2018.07.07"]
[Round "2.71"]
[White "Dezelin, Milan"]
[Black "Alivodic, Dario"]
[Result "1/2-1/2"]
[WhiteElo "2146"]
[BlackElo "1930"]
[PlyCount "118"]
[EventDate "2018.07.06"]

1. Nf3 Nf6 2. d4 e6 3. Bg5 d5 4. Nbd2 Be7 5. e3 O-O 6. Bd3 b6 7. O-O c5 8. c3
Ba6 9. Bxa6 Nxa6 10. Ne5 Nb8 11. f4 h6 12. Bxf6 Bxf6 13. Qh5 Nd7 14. Rf3 cxd4
15. exd4 Bxe5 16. fxe5 Qg5 17. Qxg5 hxg5 18. Rg3 f6 19. exf6 gxf6 20. h4 Kf7
21. hxg5 f5 22. Re1 Rae8 23. Rge3 Re7 24. Nf3 Rfe8 25. Kh2 Kg6 26. Kg3 Nf8 27.
Kf4 Kg7 28. Ne5 b5 29. a3 Rc8 30. g4 fxg4 31. Kxg4 a5 32. Nd3 Rc6 33. Nf4 Rd6
34. Nh5+ Kg6 35. Rf1 Nh7 36. Nf4+ Kg7 37. Rfe1 Nf8 38. Kh5 b4 39. cxb4 axb4 40.
axb4 Rb7 41. Nxe6+ Rxe6 42. Rxe6 Nxe6 43. Rxe6 Rxb4 44. Re7+ Kf8 45. Re2 Rxd4
46. Kg6 Re4 47. Rf2+ Kg8 48. Rd2 Rb4 49. Rxd5 Rb6+ 50. Kh5 Rxb2 51. Rd8+ Kg7
52. Rd7+ Kg8 53. Kh6 Rb6+ 54. g6 Rb8 55. Rg7+ Kh8 56. Rh7+ Kg8 57. Rg7+ Kh8 58.
Re7 Kg8 59. Kg5 Rb1 1/2-1/2

[Event "Paracin 2018"]
[Site "Paracin, Hotel Petrus"]
[Date "2018.07.07"]
[Round "2.72"]
[White "Vujcic, Milena"]
[Black "Krstic, Milos"]
[Result "0-1"]
[WhiteElo "1911"]
[BlackElo "2137"]
[PlyCount "62"]
[EventDate "2018.07.06"]

1. e4 e5 2. Nf3 Nc6 3. Bb5 a6 4. Bxc6 dxc6 5. d4 exd4 6. Qxd4 Qxd4 7. Nxd4 Bd6
8. Be3 f5 9. Nxf5 Bxf5 10. exf5 Ne7 11. f6 gxf6 12. Bd4 Kf7 13. c4 Nf5 14. Bc3
Rhe8+ 15. Kf1 Rad8 16. Nd2 Be5 17. Ne4 Bxc3 18. Nxc3 Rd2 19. Rb1 Nd6 20. g3
Nxc4 21. b3 Na3 22. Rc1 Nb5 23. a4 Nd4 24. b4 Ne2 25. Nxe2 Rexe2 26. Kg2 Rxf2+
27. Kh3 Rb2 28. Rc4 Rfd2 29. Kg4 Rbc2 30. Rc1 Rxc1 31. Rxc1 Rd4+ 0-1

[Event "Paracin 2018"]
[Site "Paracin, Hotel Petrus"]
[Date "2018.07.07"]
[Round "2.73"]
[White "Konstantinov, Aleksandar"]
[Black "Caberoglu, Arda"]
[Result "0-1"]
[WhiteElo "2133"]
[BlackElo "1869"]
[PlyCount "62"]
[EventDate "2018.07.06"]

1. c4 e5 2. Nc3 Nc6 3. g3 g6 4. Bg2 Bg7 5. e4 d6 6. Nge2 f5 7. d3 Nf6 8. O-O
O-O 9. Nd5 h6 10. Rb1 Ne7 11. Nxf6+ Rxf6 12. d4 Qf8 13. dxe5 dxe5 14. Nc3 c6
15. b3 Be6 16. Ba3 Rd8 17. Qe2 f4 18. f3 fxg3 19. hxg3 g5 20. Rbd1 h5 21. Qe3
g4 22. Rxd8 Qxd8 23. Rd1 Qe8 24. Qg5 gxf3 25. Bxf3 Rxf3 26. Bxe7 Qf7 27. Na4
Bg4 28. Qh4 Rf2 29. Bc5 Rg2+ 30. Kxg2 Qf3+ 31. Kh2 Qe2+ 0-1

[Event "Paracin 2018"]
[Site "Paracin, Hotel Petrus"]
[Date "2018.07.07"]
[Round "2.74"]
[White "Murgul, Nenad"]
[Black "Mar, Karmen"]
[Result "0-1"]
[WhiteElo "1851"]
[BlackElo "2130"]
[PlyCount "62"]
[EventDate "2018.07.06"]

1. d4 d5 2. c4 c6 3. Nc3 Nf6 4. Nf3 dxc4 5. e4 b5 6. a3 e6 7. Bg5 Be7 8. Bxf6
Bxf6 9. e5 Be7 10. Be2 Bb7 11. O-O O-O 12. b3 cxb3 13. Qxb3 Nd7 14. Rfd1 a6 15.
Rac1 Rc8 16. Bd3 Qa5 17. a4 b4 18. Ne4 c5 19. Neg5 cxd4 20. Bxh7+ Kh8 21. Rxc8
Bxc8 22. Qc2 Nxe5 23. Be4 f5 24. Nxe5 Qxe5 25. Qxc8 Rxc8 26. Nf7+ Kh7 27. Nxe5
fxe4 28. g3 d3 29. Ng4 Rc2 30. Kf1 b3 31. Ne3 b2 0-1